LS Constituencies of West Bengal - Statistics

General Stats
  • This quiz has been taken 16 times
  • The average score is 15 of 42
Answer Stats
Answer % Correct
Darjeeling
100%
Asansol
78%
Dum Dum
78%
Howrah
67%
Jalpaiguri
67%
Murshidabad
56%
Bankura
44%
Barasat
44%
Barrackpore
44%
Birbhum
44%
Cooch Behar
44%
Diamond Harbour
44%
Hooghly
44%
Krishnanagar
44%
Ranaghat
44%
Bangaon
33%
Basirhat
33%
Bishnupur
33%
Ghatal
33%
Jadavpur
33%
Jhargram
33%
Kanthi
33%
Purulia
33%
Raiganj
33%
Tamluk
33%
Alipurduars
22%
Balurghat
22%
Bardhaman–Durgapur
22%
Bardhaman Purba
22%
Bolpur
22%
Jangipur
22%
Jaynagar
22%
Kolkata Dakshin
22%
Kolkata Uttar
22%
Mathurapur
22%
Medinipur
22%
Uluberia
22%
Arambagh
11%
Baharampur
11%
Maldaha Dakshin
11%
Maldaha Uttar
11%
Srerampur
11%
No matching quizzes found
Score Distribution
Percent of People with Each Score
Percentile by Number Answered
Your Score History
You have not taken this quiz